Výskum faktorov ovplyvňujúcich politiku trhu práce : Diplomová práca

Saved in:
Bibliographic Details
Main Author: Cíferský , Jozef (Author)
Other Authors: Hekelová, Edita, 1954- (xxx)
Format: Manuscript Book
Language:Slovak
Published: Trnava : STU v Bratislave MtF KMK, 1999
Subjects:
Tags: Add Tag
No Tags, Be the first to tag this record!

MARC

LEADER 00000ntm a22000003a 4500
001 stu52949
005 20160719155218.6
008 000404s1999----xo------------------slo-d
040 |a STU  |b slo 
041 0 |a slo 
044 |a xo 
100 1 |a Cíferský , Jozef  |4 aut 
245 1 |a Výskum faktorov ovplyvňujúcich politiku trhu práce :  |b Diplomová práca 
260 |a Trnava :  |b STU v Bratislave MtF KMK,  |c 1999 
300 |a 65 s  |c výťah 
650 7 |a Politika trhu práce  |2 stusub 
650 7 |a Práca-politika trhu  |2 stusub 
650 7 |a manažment priemyselných podnikov  |2 stusub 
700 1 |a Hekelová, Edita,  |d 1954-  |4 xxx  |u J120  |U SjF Ústav výrobných systémov, enviromentálnej techniky a manažment kvality  |T SjF Katedra výrobných systémov  |X 2429  |U J120  |Y 38  |7 A000002429